Northern Irish Football League Club Nicknames 2025/2026 - Statistics

General Stats
  • This quiz has been taken 10 times
  • The average score is 13 of 23
Answer Stats
Division Club Nickname % Correct
NIFL Premiership Linfield The Blues
100%
NIFL Premiership Crusaders The Crues
100%
NIFL Premiership Glentoran The Glens
100%
NIFL Premiership Dungannon Swifts The Swifts
100%
NIFL Premiership Cliftonville The Reds
89%
NIFL Premiership Ballymena United The Sky Blues
89%
NIFL Championship Institute The Sky Blues
89%
NIFL Premiership Coleraine The Bannsiders
78%
NIFL Premiership Portadown The Ports
78%
NIFL Championship Dundela The Duns
67%
NIFL Premiership Bangor The Seasiders
67%
NIFL Championship Harland & Wolff Welders The Welders
67%
NIFL Premiership Glenavon The Lurgan Blues
56%
NIFL Championship Warrenpoint Town The Point
56%
NIFL Championship Ballinamallard United The Mallards
44%
NIFL Premiership Larne The Inver Reds
33%
NIFL Championship Newington The Swans
22%
NIFL Premiership Carrick Rangers The Amber Army
11%
NIFL Championship Limavady United The Roesiders
11%
NIFL Championship Loughgall The Villagers
11%
NIFL Championship Armagh City The Eagles
0%
NIFL Championship Queen's University The Gaels
0%
NIFL Championship Ards The Red and Blue Army
0%
No matching quizzes found
Score Distribution
Percent of People with Each Score
Percentile by Number Answered
Your Score History
You have not taken this quiz